| 000 | 01717cam a2200481 a 4500 | ||
|---|---|---|---|
| 001 | 21787 | ||
| 003 | VRT | ||
| 005 | 20260309144353.0 | ||
| 008 | 240318s2010 xr a b 000 f slo | ||
| 015 | _aSNBZSA2016 | ||
| 020 | _a9788073609566 | ||
| 035 | _aurn:nbn:sk:snk-am00azcn | ||
| 035 | _aurn:nbn:sk:snk-am3h7wj | ||
| 035 | _a6907061F-CF1F-4604-8E25-800B8FF98FBC | ||
| 039 | 9 |
_a202404130745 _bAUTHORITY _c202404130739 _dAUTHORITY _c202404130733 _dAUTHORITY _c202404130727 _dAUTHORITY |
|
| 040 |
_aTOTK _bslo _cTOTK _dSNK _eAACR2 |
||
| 041 | 1 |
_aslo _hcze |
|
| 044 |
_axr _cCZ |
||
| 072 | 7 |
_a821.162.3 _xČeská literatúra _2konspekt |
|
| 072 | 7 |
_a821-93 _xLiteratúra pre deti a mládež (beletria) _2konspekt |
|
| 080 |
_a821.162.3-34 _22011 |
||
| 080 |
_a821-93 _22011 |
||
| 080 |
_a(0.05-053.2:821-93) _22011 |
||
| 100 | 1 |
_aKarafiát, Jan, _d1846-1929 _4aut |
|
| 240 | 1 | 0 |
_aBroučci _lSlovensky |
| 245 | 1 | 0 |
_aChrobáčiky _bpre malé i veľké deti _cJan Karafiát ; ilustrácie: Ľuba Suchalová ; [z českého originálu ... preložila Mária Fúriková] |
| 260 |
_aPraha _bOttovo nakladatelství _c2010 |
||
| 300 |
_a119 s. _bfareb. ilustr. _c28 cm |
||
| 655 | 7 |
_ačeské rozprávky _2SNKPH |
|
| 655 | 7 |
_apublikácie pre deti _2SNKPH |
|
| 655 |
_aCzech fairy tales _2SNKPHeng |
||
| 655 |
_aChildren's literature _2SNKPHeng |
||
| 700 | 1 |
_aFúriková, Mária _4trl |
|
| 700 | 1 |
_aSuchalová Harichová, Ľubica, _d1958- _4ill |
|
| 910 | _atotk | ||
| 910 | _askpk | ||
| 910 | _apokpoh | ||
| 910 | _asnk | ||
| 910 | _asllk | ||
| 942 |
_2ddc _cKLDE _n0 |
||
| 949 |
_617A1176672 _asnkSB 89389 _bsnk2016/653 _oPemic1-ah/Int. č. fa 93/2015 _s6100:20160401 |
||
| 999 |
_c21787 _d21787 |
||